000 00386nam a2200133Ia 4500
008 151001s9999||||xx |||||||||||||| ||und||
100 _aगुरुनाथ - नाईक
245 _aअघटीत
250 _a1
260 _bबांदोडकर पब्लिशिंग कंपनी मुंबई
260 _c1983
300 _a251
365 _b18
999 _c963787
_d963784